| 000 | 00373nam a22001457a 4500 | ||
|---|---|---|---|
| 005 | 20251007152446.0 | ||
| 008 | 250930b |||||||| |||| 00| 0 eng d | ||
| 020 | _a978-81-968917-8-7 | ||
| 041 | _aeng | ||
| 100 |
_aCHATURVEDI, YATINDRA NATH _98711 |
||
| 245 | _aRAJBHASHA SAHITYAKAR KOSH | ||
| 260 |
_aUTTAR PRADESH _bAKSHAR PLANT _c2024 |
||
| 300 | _a253;P | ||
| 942 | _cBK | ||
| 999 |
_c8866 _d8864 |
||